000 00281nam a22001337a 4500
003 SGT
020 _a9788121932073
082 _a658.87
_bSIN
100 _aSINGH,HARJIT
245 _aRETAIL MANAGEMENT
260 _bS.CHAND PUBLICATION
_c2018
300 _a871
942 _2ddc
_cBK
_06
999 _c16334
_d16334